| 000 | 00468nam a2200193Ia 4500 | ||
|---|---|---|---|
| 008 | 180207s9999 xx 000 0 und d | ||
| 020 | _a9780985040819 | ||
| 050 | _bP831 2012 | ||
| 100 | _aPoppen, Brent | ||
| 245 | _aPlay ground lessons : | ||
| 245 | _bfriendship & forgiveness / | ||
| 245 | _cBrent Poppen. | ||
| 260 | _aUSA : | ||
| 260 | _bBooks by Brent, | ||
| 260 | _c2012 | ||
| 300 | _a56 pages : | ||
| 300 | _bcolor illustration ; | ||
| 300 | _c26cm. | ||
| 999 |
_c355346 _d355346 |
||